[Event "POL-chT 1 Liga 2019"]
[Site "Dzwirzyno"]
[Date "2019.09.09"]
[Round "3.11"]
[White "Tomaszewski, Kacper"]
[Black "Samborski, Henryk"]
[Result "1-0"]
[WhiteElo "2363"]
[BlackElo "2098"]
[Annotator "TA"]
[PlyCount "97"]
[EventDate "2019.09.07"]
[EventType "team-tourn"]
[EventCountry "POL"]
[SourceTitle "playchess.com"]
[Source "ChessBase"]
[SourceQuality "1"]

{[%evp 20,97,42,38,37,42,61,30,32,30,52,44,45,46,57,59,75,39,39,37,61,39,46,18,52,13,9,0,0,0,0,0,0,-14,0,-17,10,0,12,9,16,10,29,16,18,8,5,-73,-35,-74,-67,-73,0,22,410,517,490,454,413,407,823,732,815,775,766,697,664,661,964,957,29974,930,821,766,29976,29977,29977,29978,29977,29978]} 1. d4 Nf6 2. c4 g6 3. Nc3 Bg7 4. e4 d6 5. Nge2 O-O 6. Ng3 c5 7. d5 e6 8. Be2 exd5 9. cxd5 a6 10. a4 Nbd7 11. O-O Re8 {A65: Modern Benoni: 6 e4} 12. f3 Rb8 13. a5 $146 ({Predecessor:} 13. Bg5 Qc7 14. Qd2 c4 15. Bh6 Bh8 16. Kh1 b5 17. axb5 axb5 {1-0 (60) Gupta,A (2581)-Martirosyan,H (2607) chess.com INT 2019}) 13... b5 {White has an edge.} 14. axb6 $1 Rxb6 15. Qc2 h5 16. Nh1 Nh7 17. Nf2 Bd4 18. Na4 Rb8 19. Bd2 h4 20. Bc3 Be3 21. Kh1 Ne5 22. Nd3 Nxd3 23. Bxd3 Nf6 24. Rfe1 Bf4 25. b3 Nh5 26. Nb2 Qg5 27. Nc4 Bd7 (27... Ng3+ $5 28. Kg1 h3 $11) 28. Bd2 Bb5 {[#] ...Bxc4 is the strong threat.} 29. Bxf4 Qxf4 30. Qf2 g5 31. Kg1 $36 {[%mdl 2048] White has the initiative.} Qf6 32. Bf1 Nf4 33. g3 (33. Ra2 $11 {keeps the balance.}) 33... hxg3 (33... Bxc4 $5 34. gxf4 Bxf1 35. fxg5 Qxg5+ 36. Kxf1 Rxb3 $15) 34. hxg3 Bxc4 $1 35. bxc4 Rb2 (35... Nh5 $17) 36. e5 $1 $11 {[%cal Re5f6]} Rxf2 $4 {[%mdl 8192]} (36... Nh3+ $1 $11 {and Black is okay.} 37. Bxh3 Rxe5) 37. exf6 $18 {[%mdl 64] [#] Discovered Attack} Rxe1 38. Rxe1 Rxf3 39. gxf4 gxf4 $11 {[%mdl 4096] Endgame KRB-KR} (39... Kh7 $142 40. fxg5 Kg6) 40. Ra1 $18 Rg3+ 41. Kf2 Rg6 42. Rxa6 Rxf6 43. Bd3 Kg7 44. Kf3 Kh6 45. Ra8 (45. Ra1 $142 Kg7 46. Rh1 Kf8 47. Kg4 f3 48. Kg5 Ke7 49. Rb1 Re6 50. dxe6 fxe6 51. Rb7+ Kd8 52. Kf6) 45... Kg7 46. Rd8 Kh6 47. Rh8+ {White mates.} Kg7 48. Rh5 Kf8 49. Bf5 {Accuracy: White = 66%, Black = 39%.} 1-0

[Event "POL-chT 1 Liga 2019"]
[Site "Dzwirzyno"]
[Date "2019.09.09"]
[Round "3.12"]
[White "Worek, Joanna"]
[Black "Cieslak, Wiktoria"]
[Result "1-0"]
[WhiteElo "2308"]
[BlackElo "2063"]
[Annotator "TA"]
[PlyCount "83"]
[EventDate "2019.09.07"]
[EventType "team-tourn"]
[EventCountry "POL"]
[SourceTitle "playchess.com"]
[Source "ChessBase"]
[SourceQuality "1"]

{[%evp 9,83,16,24,19,30,16,52,35,50,40,46,47,34,41,52,47,39,34,88,41,113,27,153,63,145,146,212,41,82,79,126,134,115,125,189,187,175,169,674,670,812,818,789,760,1186,1181,1159,777,5827,1510,1415,953,948,959,804,316,833,825,735,367,820,726,2516,2420,2401,2162,1936,1723,2578,897,1692,1429,29990,29991,29992,29991]} 1. e4 c5 2. Nf3 d6 3. d4 cxd4 4. Qxd4 a6 5. Be2 Nf6 (5... Nc6 6. Qe3 g6 7. O-O Bg7 8. h3 Nf6 9. Rd1 Nd7 10. c4 O-O 11. Nc3 Nde5 12. Nxe5 Nxe5 {½-½ (146) Harikrishna,P (2730)-Andriasian,Z (2604) chess.com INT 2019}) 6. O-O {B53: Sicilian: 2...d6: Lines with Qxd4} Nc6 7. Qe3 e6 8. c4 {White is slightly better.} Be7 9. h3 O-O 10. Nc3 Qc7 11. b3 Rb8 $146 ({Predecessor:} 11... Ne5 12. Ba3 Qa5 {1-0 (42) Mehar,C (2373)-Aravindh,C (2543) Noida 2016}) 12. Bb2 Bd7 13. Rac1 Rfd8 (13... Ne5 $14) 14. Rfd1 Be8 (14... Ne5 $14) 15. a3 ({Better is} 15. Nd5 $1 $16 {[%cal Rd5c7]} exd5 16. cxd5) 15... Na5 (15... Nd7 $11 {remains equal.}) 16. Nd2 ({White should play} 16. Nd5 $1 $16 {[%cal Rd5c7]} exd5 17. cxd5) 16... b6 ({Black should try} 16... Qc5 $14) 17. b4 $16 Nc6 {[#]} (17... Nb7 $16 18. f4 h6) 18. Nb3 $2 (18. Nd5 $1 $18 {[%cal Rd5c7][%mdl 512]} Qa7 (18... exd5 19. cxd5) 19. Nxf6+ Bxf6 20. Bxf6 gxf6 21. Nf1) 18... Ne5 19. f4 $36 {[%mdl 2048] Keeping Black busy.} Nxc4 20. Bxc4 Qxc4 {[#]} 21. Nd5 $1 {[%cal Rd5e7][%mdl 512]} Nxd5 (21... exd5 $16 22. Rxc4 dxc4) 22. exd5 $18 (22. Rxc4 $2 {loses.} Nxe3 23. Rcc1 Nxd1 $19) 22... Qb5 23. dxe6 f6 $2 (23... Qh5 24. g4 Qg6) 24. Rc7 Kf8 25. Rdc1 Qd5 {[#]} 26. Rxe7 $1 {[%mdl 576] Clearance} Kxe7 27. Rc7+ Bd7 28. exd7+ Kf7 {[#]} 29. Nd4 (29. Qe8+ $142 $3 {[%mdl 512]} Rxe8 30. d8=Q+ Kg6 31. Rxg7+ Kf5 32. Qxf6+ Ke4 33. Qc3 Qd1+ 34. Kf2) 29... Rb7 30. Rxb7 {[%mdl 64] Overworked Piece} Qxb7 31. Qe6+ Kf8 32. a4 $2 (32. Qxd6+ Kg8 33. Qe6+ Kf8 34. b5 Qxd7 35. bxa6) 32... Rxd7 $2 (32... Qxd7 33. f5 Qe8) 33. b5 {And now bxa6 would win.} axb5 34. axb5 (34. Ba3 $142) 34... Re7 $2 (34... Rd8 35. Qb3 Qf7 36. Ne6+ Kg8) 35. Qxd6 Kf7 36. Nc6 Rd7 37. Nd8+ Rxd8 38. Qxd8 Qe4 39. Qd7+ Kg6 {[#]} 40. f5+ $1 Kh5 (40... Qxf5 41. Qe8+) 41. Qf7+ Kh4 {[#]} 42. Bxf6+ $1 {[%mdl 64] Double Attack. Accuracy: White = 54%, Black = 19%.} 1-0

[Event "POL-chT 1 Liga 2019"]
[Site "Dzwirzyno"]
[Date "2019.09.09"]
[Round "3.13"]
[White "Cukrowski, Filip"]
[Black "Klekowski, Maciej"]
[Result "1-0"]
[WhiteElo "2410"]
[BlackElo "2473"]
[Annotator "TA"]
[PlyCount "89"]
[EventDate "2019.09.07"]
[EventType "team-tourn"]
[EventCountry "POL"]
[SourceTitle "playchess.com"]
[Source "ChessBase"]
[SourceQuality "1"]

{[%evp 24,89,0,0,230,231,235,222,264,120,120,120,120,120,120,133,122,120,130,128,116,116,122,116,138,138,138,118,118,118,118,118,118,110,158,149,158,158,158,151,151,151,393,394,312,259,259,259,293,259,259,259,306,306,306,306,345,345,1144,1103,1018,1055,966,935,1227,1132,1402,-166]} 1. e4 c5 2. c3 Nf6 3. e5 Nd5 4. d4 cxd4 5. Nf3 Nc6 6. cxd4 d6 7. Bc4 e6 8. O-O Be7 9. Qe2 O-O 10. Nc3 Nxc3 11. bxc3 dxe5 12. dxe5 Qa5 13. Bd2 b6 $2 {B22: Sicilian: 2 c3} (13... Rd8 $11 {and Black stays safe.}) (13... Rd8 14. Bd3 Qa4 15. Bb5 Qa5 16. Bd3 Qa4 17. Bb5 Qa5 18. Bd3 {½-½ (18) Mamedov,R (2642)-Grachev,B (2670) Moscow 2015}) 14. Bb5 $1 $18 {Hoping for a3.} Bb7 {[#]} 15. a3 $1 {[%mdl 512]} Rad8 $146 {[#]White is clearly better.} (15... Bxa3 16. c4) ({Predecessor:} 15... Rfd8 16. Be1 Bxa3 17. Nd4 Rxd4 18. cxd4 Nb4 19. f4 Rd8 20. f5 exf5 21. e6 fxe6 22. Qxe6+ Kh8 23. Qe7 Rb8 24. Rxf5 Nc6 25. Qxa3 Qxa3 26. Rxa3 Nxd4 27. Re5 Rf8 28. Rxa7 {1-0 (28) Vajda,L (2504)-Baghdasaryan,V (2289) Budapest 2011}) 16. Nd4 (16. Be1 $1 $18 {is the precise move to win.}) 16... Rxd4 $16 17. cxd4 Nxd4 18. Bxa5 Nxe2+ 19. Bxe2 bxa5 20. Rfc1 {Black must now prevent Rc7.} Bd8 21. Rc3 Bb6 {and if ...Bd4 works, Black does fine.} 22. Rd1 g6 23. h4 Rb8 24. Bf3 Ba6 25. g3 Bb5 26. Be4 h5 27. Kg2 Kf8 28. f3 a4 29. Rb1 a6 {[#]} 30. Rd1 $1 Ba5 31. Rc5 Bd8 32. Rdc1 Rb6 $2 (32... Be7 $16) 33. Rc8 $18 Ke7 34. Bc6 Bxc6 35. R8xc6 {[%mdl 4096] Endgame KRR-KRB} ({Don't take} 35. R1xc6 Rb2+ 36. Kh3 a5 $18) 35... Rb5 36. f4 Bb6 37. R6c4 a5 38. R1c2 ({Don't do} 38. Rxa4 Bc5 $18) 38... Rb3 39. Rxa4 Kd7 40. Rac4 Rxa3 $2 (40... Ke7 41. Rc8 Rb5) 41. Rb2 {White is clearly winning.} Be3 42. Rb7+ Kd8 43. Rcc7 Ra2+ 44. Kf3 Ra3 45. Ke4 $4 {[%mdl 40960] Accuracy: White = 76%, Black = 44%. . Sensor Board Error (Ke4/e5)?} (45. Ke2 $18 {avoids the disaster.} Bg1 46. Rxf7) 1-0

[Event "POL-chT 1 Liga 2019"]
[Site "Dzwirzyno"]
[Date "2019.09.09"]
[Round "3.14"]
[White "Barski, Radoslaw"]
[Black "Lewtak, Damian"]
[Result "1/2-1/2"]
[WhiteElo "2425"]
[BlackElo "2377"]
[Annotator "TA"]
[PlyCount "221"]
[EventDate "2019.09.07"]
[EventType "team-tourn"]
[EventCountry "POL"]
[SourceTitle "playchess.com"]
[Source "ChessBase"]
[SourceQuality "1"]

{[%evp 9,221,18,22,20,31,24,41,28,42,16,44,32,29,16,24,16,22,18,28,28,28,28,22,28,30,36,40,39,36,34,75,35,96,75,92,81,74,70,193,200,200,125,93,41,40,53,118,114,126,128,125,130,154,164,160,114,127,50,51,46,66,66,65,43,43,43,39,35,46,41,37,28,60,61,78,78,83,46,54,17,17,17,17,17,23,0,0,0,8,8,8,8,8,8,8,8,8,8,8,8,8,0,8,8,8,0,0,0,0,0,0,0,0,0,8,0,8,0,8,8,8,8,8,8,8,0,8,0,8,7,8,0,0,0,8,0,0,0,0,0,0,0,0,0,0,0,0,0,0,0,0,0,0,0,0,0,0,0,0,0,0,0,0,0,7,7,7,7,7,7,8,7,8,8,8,7,8,8,8,8,8,8,8,8,8,8,8,8,8,8,8,8,8,0,8,0,8,0,8,0,0,0,0,0,0,0,0,0,0,0,0,0,8,8]} 1. e4 d6 2. d4 Nf6 3. Nc3 e5 4. Nge2 Be7 5. g3 c6 (5... O-O 6. Bg2 c6 7. O-O b5 8. a3 Nbd7 9. h3 a5 10. g4 Ba6 11. Ng3 exd4 12. Qxd4 b4 13. Nce2 d5 14. e5 Bxe2 15. Nxe2 Bc5 16. Qf4 Nxe5 17. Qxe5 {0-1 (43) Moiseenko,A (2707)-Caruana,F (2791) Dubai 2014}) 6. a4 {B07: Pirc Defence: Miscellaneous Systems} Nbd7 7. Bg2 Qc7 8. O-O {White is slightly better.} b6 9. h3 h5 10. Be3 a6 11. Qd2 Bb7 12. d5 Rc8 13. dxc6 $146 ({Predecessor:} 13. Rfc1 O-O 14. b3 Rfe8 15. Na2 Nc5 16. Nec3 cxd5 17. exd5 Bf8 18. Nb4 Ncd7 19. Ne2 Nc5 20. Nc3 {½-½ (20) Kazakovskiy,V (2434)-Sokolov,A (2532) St Petersburg 2018}) 13... Bxc6 14. Nd5 Nxd5 15. exd5 Bb7 16. Rfc1 f5 17. c4 a5 18. b4 axb4 19. Qxb4 Bd8 20. Nc3 Ba6 (20... Nc5 $14) 21. Nb5 $16 Bxb5 22. cxb5 (22. Qxb5 O-O $11) 22... Nc5 23. Qd2 Be7 (23... Qf7 $14) 24. a5 $18 bxa5 25. Bxc5 ({Don't play} 25. Qxa5 $6 Qxa5 26. Rxa5 Rb8 $16) 25... dxc5 26. Qxa5 ({Better is} 26. Rxa5 $16 e4 27. Ra6) 26... Qxa5 $14 27. Rxa5 O-O (27... Rh6 $14) 28. Ra6 $16 {d6 is the strong threat.} Rfd8 29. Bf1 Kf8 30. Bc4 Rb8 31. Kg2 Bd6 32. Ra7 Rb6 33. Rca1 (33. g4 $16) 33... Bb8 $1 $14 34. Ra8 Ke7 35. R1a6 Rdd6 36. g4 hxg4 37. hxg4 fxg4 38. Kg3 Rf6 39. Rxb6 (39. Kxg4 {is more complex.} Bc7 40. Kg3 Rg6+ 41. Kf3 Rgf6+ 42. Ke3) 39... Rxb6 40. Kxg4 {[%mdl 4096] Endgame KRB-KRB} Kd7 41. Kf3 Kc7 42. Ke3 Rf6 43. f3 Kb7 44. Ra2 Rf4 45. Bd3 c4 46. Be4 Kb6 47. Kd2 g5 {The position is equal.} 48. Ra8 Bc7 49. d6 Bxd6 50. Ra6+ Kxb5 51. Rxd6 $11 {[#] And now Rd5+ would win. KRB-KR} g4 52. Ke3 gxf3 53. Bxf3 c3 $132 {[%mdl 2048] White must now prevent ...Rxf3+! Black has counterplay} 54. Be2+ Kc5 55. Re6 Rd4 56. Rxe5+ Rd5 57. Re4 Kd6 (57... c2 $5 58. Rc4+ $8 {[%mdl 64] Double Attack} Kb6 $14) 58. Ra4 (58. Bf3 {is interesting.} c2 59. Rc4 Re5+ 60. Kd3 Ra5 61. Ke3) 58... Rc5 59. Ra1 c2 60. Rc1 Ke5 61. Bd3 Rc3 62. Kd2 Rc5 (62... Rb3 {seems wilder.} 63. Bc4 Rb4 64. Kc3 Rb8 65. Re1+ Kd6) 63. Bxc2 Kd4 64. Ra1 Rc7 65. Bd3 Rg7 66. Ra4+ Ke5 67. Rh4 Rg8 68. Kc3 Rc8+ 69. Bc4 Rf8 70. Rh1 Rf3+ 71. Bd3 Rf4 72. Rh5+ Ke6 73. Kd2 Rf3 74. Ke2 Rg3 75. Be4 Kf6 76. Ra5 Rb3 77. Bd3 Rb4 78. Ke3 Rg4 79. Be4 Rg1 80. Kf4 Rf1+ 81. Bf3 Re1 82. Ra3 Rf1 83. Ra6+ Ke7 84. Ke4 Rg1 85. Kd4 Rg3 86. Bd5 Rg4+ 87. Kc5 Rg5 88. Rh6 Rg7 89. Re6+ Kf7 90. Re1+ Kf6 91. Kd6 Rg5 92. Be6 Rg7 93. Rf1+ Kg5 94. Ke5 Kg6 95. Rf2 Kg5 96. Rh2 Kg6 97. Bf5+ Kf7 98. Rb2 Ke7 99. Rb6 Kf7 100. Rf6+ Ke7 101. Bg6 Kd7 102. Kd5 Kc7 103. Kc5 Kd8 104. Ra6 Rc7+ 105. Kd6 Rd7+ 106. Ke6 {[#] Threatening mate with Ra8+.} Re7+ 107. Kf6 Re1 108. Ra7 Kc8 109. Bf5+ Kb8 110. Re7 Rxe7 111. Kxe7 {Accuracy: White = 56%, Black = 57%.} 1/2-1/2

[Event "POL-chT 1 Liga 2019"]
[Site "Dzwirzyno"]
[Date "2019.09.09"]
[Round "3.15"]
[White "Plichta, Kamil"]
[Black "Kosakowski, Jakub"]
[Result "1-0"]
[WhiteElo "2349"]
[BlackElo "2411"]
[Annotator "TA"]
[PlyCount "103"]
[EventDate "2019.09.07"]
[EventType "team-tourn"]
[EventCountry "POL"]
[SourceTitle "playchess.com"]
[Source "ChessBase"]
[SourceQuality "1"]

{[%evp 27,103,10,45,26,24,20,50,24,58,40,70,63,77,59,83,85,103,0,0,0,170,185,175,171,162,166,179,132,132,127,138,126,133,125,162,168,147,127,137,141,120,122,107,125,110,107,121,119,208,223,218,215,225,231,233,230,279,272,266,265,400,384,383,370,389,360,334,136,554,545,533,516,606,592,726,723,905,885]} 1. d4 d5 2. c4 e6 3. Nc3 Bb4 4. a3 Bxc3+ 5. bxc3 Nf6 6. cxd5 exd5 7. e3 O-O 8. f3 c5 9. Bd3 b6 10. Ne2 Ba6 11. O-O Re8 12. Ng3 Bxd3 13. Qxd3 Nc6 14. Bb2 c4 15. Qd2 {E49: Nimzo-Indian: Rubinstein: 5 Bd3 d5 6 a3 Bxc3+ 7 bxc3} h5 16. Rae1 g6 {[#]} 17. Nh1 $146 {White is slightly better.} ({Predecessor:} 17. Qc2 h4 18. Nh1 Nh5 19. Bc1 Re6 20. e4 Qe7 21. Nf2 Re8 22. Nh3 f6 {½-½ (59) Macieja,B (2618)-Bartel,M (2609) Lublin 2009}) 17... Re6 18. Nf2 Qe7 19. Re2 $1 Re8 {[%cal Re6e3]} 20. Rfe1 Nh7 21. e4 f5 22. Kf1 (22. Nh3 $16) 22... fxe4 $11 23. fxe4 Nf6 $2 (23... dxe4 $11 24. Nxe4 Nf6 25. Nxf6+ Qxf6+ 26. Kg1 Nd8) 24. e5 $1 $18 {[%cal Re5f6]} Nh7 25. Nh3 g5 26. Kg1 Nd8 27. a4 Rg6 28. Qc1 Ne6 29. Ba3 Qg7 30. Rf1 g4 31. Nf4 Nxf4 32. Qxf4 Ng5 33. Qf5 $1 Qf7 {[#]} 34. Qxf7+ $1 Nxf7 35. Ref2 Ng5 36. Rf8+ Rxf8 37. Rxf8+ $16 {[%mdl 4096] Endgame KRB-KRN} Kh7 {[#]} (37... Kg7 $16 {is a better defense.}) 38. Rd8 $1 $18 Ne4 39. Rxd5 {Strongly threatening Rd7+.} Re6 40. Rd7+ Kg6 41. Bb2 ({Weaker is} 41. Rxa7 Nxc3 42. Bd6 Kf5 $14) 41... a6 42. Rb7 h4 43. Kf1 h3 (43... g3 {might work better.} 44. hxg3 Nxg3+ 45. Kf2 Kf5) 44. gxh3 gxh3 45. Ke2 Kf5 {Black hopes to continue with ...Rg6.} 46. Ke3 Rg6 47. Rb8 (47. Rf7+ $18 Ke6 48. Rf4) 47... Ng5 $2 {[%mdl 8192]} (47... Rg1 $16) 48. Rf8+ {White is clearly winning.} Ke6 49. Kf4 Nh7 50. Rh8 Rg7 51. Bc1 Rf7+ 52. Ke4 {Accuracy: White = 71%, Black = 36%.} 1-0

[Event "POL-chT 1 Liga 2019"]
[Site "Dzwirzyno"]
[Date "2019.09.09"]
[Round "3.16"]
[White "Walter, Szymon"]
[Black "Reza, Wojciech"]
[Result "1/2-1/2"]
[WhiteElo "2311"]
[BlackElo "2293"]
[Annotator "TA"]
[PlyCount "38"]
[EventDate "2019.09.07"]
[EventType "team-tourn"]
[EventCountry "POL"]
[SourceTitle "playchess.com"]
[Source "ChessBase"]
[SourceQuality "1"]

{[%evp 24,38,0,0,0,2,39,0,0,-28,20,-12,-4,-14,3,0,5]} 1. e4 e5 2. Nf3 Nc6 3. Bb5 a6 4. Ba4 Nf6 5. O-O Be7 6. Re1 b5 7. Bb3 d6 8. c3 O-O 9. d4 Bg4 10. Be3 exd4 11. cxd4 Na5 12. Bc2 c5 13. h3 Bh5 {C91: Closed Ruy Lopez: 7...d6 8 c3 0-0 9 d4} 14. Nbd2 {[%cal Bb1d2,Bd2f1,Bf1e3][%mdl 32]} Nd7 15. g4 Bg6 {[#]} 16. Nf1 $146 ({Predecessor:} 16. Rc1 Re8 17. b3 Rc8 18. d5 Bf6 {1-0 (95) Smirnov,A (2569)-Gozzoli,Y (2630) chess.com INT 2019}) 16... cxd4 17. Bxd4 {The position is equal.} ({Reject} 17. Qxd4 Nc4 $17) 17... Nc6 18. Ne3 Nde5 {[#] Threatens to win with ...Nxf3+.} 19. Bxe5 dxe5 1/2-1/2

[Event "POL-chT 1 Liga 2019"]
[Site "Dzwirzyno"]
[Date "2019.09.09"]
[Round "3.17"]
[White "Renkowski, Piotr"]
[Black "Dzierzak, Radoslaw"]
[Result "0-1"]
[WhiteElo "2179"]
[BlackElo "2253"]
[Annotator "TA"]
[PlyCount "74"]
[EventDate "2019.09.07"]
[EventType "team-tourn"]
[EventCountry "POL"]
[SourceTitle "playchess.com"]
[Source "ChessBase"]
[SourceQuality "1"]

{[%evp 23,80,-3,0,0,0,0,0,0,2,4,8,8,10,12,17,0,0,0,0,0,0,0,8,8,8,14,14,24,5,7,12,0,14,21,21,18,27,22,16,-22,-20,-27,-47,-142,-46,-217,-202,-464,-362,-385,-242,-148,-81,-82,-81,-407,-405,-29986,-29987]} 1. e4 c5 2. Nc3 Nc6 3. f4 g6 4. Nf3 Bg7 5. d3 d6 6. g3 e6 7. Bg2 Nge7 8. O-O O-O 9. Be3 Nd4 10. Bf2 Nec6 11. Nxd4 Nxd4 12. Rb1 Bd7 13. Ne2 {B25: Closed Sicilian: 3 g3, lines without early Be3} Ba4 14. b3 Bc6 15. c4 {[#] The position is equal.} b5 $146 ({Predecessor:} 15... Nxe2+ 16. Qxe2 Qd7 17. Rbd1 Qe7 18. Qd2 f5 19. Rfe1 e5 20. exf5 Bxg2 21. Kxg2 Rxf5 {½-½ (62) Adams,M (2685)-Lautier,J (2620) Tilburg 1996}) 16. Nxd4 cxd4 17. Be1 bxc4 18. bxc4 Rc8 19. f5 exf5 20. exf5 Bxg2 21. Kxg2 d5 22. c5 Re8 23. Rb7 {[#] Black must now prevent fxg6.} Re7 24. Ba5 Qe8 25. Rxe7 Qxe7 26. Bb4 Qb7 27. a3 a5 28. Bxa5 Rxc5 29. Bb4 Rc8 30. Qd2 Qa6 31. Qf4 Qxd3 {Black wants to play ...Qe4+.} 32. f6 Bh8 $1 33. Be7 ({White must play} 33. Rc1 $1 $15 Re8 34. Re1 Qc2+ 35. Qf2 Qxf2+ 36. Kxf2) 33... Qe4+ (33... h5 $17 {Strongly threatening ...Qe4+.} 34. Rf2 Rc6) 34. Kh3 $2 (34. Qxe4 $1 $15 dxe4 35. Rf4) 34... h5 {And now ...d3 would win.} 35. Rf2 $2 (35. Qxe4 dxe4 36. Re1) 35... Kh7 36. Rd2 {intending Qxe4.} Qe6+ 37. Kg2 Rc4 {Played: Bh8-g7} 0-1

[Event "POL-chT 1 Liga 2019"]
[Site "Dzwirzyno"]
[Date "2019.09.09"]
[Round "3.18"]
[White "Malicka, Maria"]
[Black "Jablonska, Sabina"]
[Result "1-0"]
[WhiteElo "2095"]
[BlackElo "1928"]
[Annotator "NA RC"]
[PlyCount "65"]
[EventDate "2019.09.07"]
[EventType "team-tourn"]
[EventCountry "POL"]
[SourceTitle "playchess.com"]
[Source "ChessBase"]
[SourceQuality "1"]
[TimeControl "40/5400+30:1800+30"]

1. e4 {[%emt 0:00:00]} g6 {[%emt 0:00:00]} 2. d4 {[%emt 0:00:00]} Bg7 {[%emt 0:00:00]} 3. Nc3 {[%emt 0:00:00]} c5 {[%emt 0:00:00]} 4. d5 {[%emt 0:02:22]} d6 {[%emt 0:00:13]} 5. Nf3 {[%emt 0:04:01]} Nf6 {[%emt 0:05:35]} 6. Be2 {[%emt 0:04:09]} Nbd7 {[%emt 0:09:51]} 7. O-O {[%emt 0:00:52]} O-O {[%emt 0:01:06]} 8. a4 {[%emt 0:00:56]} a6 {[%emt 0:03:45]} 9. a5 {[%emt 0:01:31]} b5 {[%emt 0:02:30]} 10. axb6 {[%emt 0:00:12]} Nxb6 11. h3 {[%emt 0:10:46]} Bb7 {[%emt 0:05:35]} 12. Be3 {[%emt 0:00:42]} h6 {[%emt 0:09:13]} 13. Qd2 {[%emt 0:04:36]} Kh7 {[%emt 0:00:29]} 14. Ra2 {[%emt 0:00:50]} e6 {[%emt 0:11:20]} 15. dxe6 {[%emt 0:01:25]} Nxe4 {[%emt 0:04:51]} 16. Nxe4 {[%emt 0:00:21]} Bxe4 {[%emt 0:00:03]} 17. exf7 {[%emt 0:08:46]} Rxf7 {[%emt 0:03:13]} 18. Rfa1 {[%emt 0:06:09]} Bb7 {[%emt 0:22:06]} 19. Nh2 {[%emt 0:08:18]} Qf8 {[%emt 0:07:46]} 20. c3 {[%emt 0:04:56]} Nd5 {[%emt 0:05:04]} 21. Bxa6 {[%emt 0:04:00]} Nxe3 {[%emt 0:00:51]} 22. Bxb7 {[%emt 0:04:31]} Rxa2 {[%emt 0:03:15]} 23. Rxa2 {[%emt 0:00:01]} Rxb7 {[%emt 0:01:59]} 24. Qxe3 {[%emt 0:03:50]} Qg8 {[%emt 0:01:35]} 25. Ra6 {[%emt 0:12:48]} Rxb2 {[%emt 0:00:10]} 26. Rxd6 {[%emt 0:00:25]} Rb1+ {[%emt 0:01:17]} 27. Nf1 {[%emt 0:00:01]} Qc4 {[%emt 0:00:16]} 28. Rd3 {[%emt 0:03:26]} Qa2 {[%emt 0:00:23]} 29. Rd7 {[%emt 0:05:27]} Qa1 {[%emt 0:00:23]} 30. Qe5 {[%emt 0:01:44]} Rxf1+ {[%emt 0:01:17]} 31. Kh2 {[%emt 0:00:01]} Rh1+ {[%emt 0:00:27]} 32. Kg3 {[%emt 0:00:02]} Rxh3+ {[%emt 0:00:46]} 33. Kxh3 {[%emt 0:00:20]} 1-0

[Event "POL-chT 1 Liga 2019"]
[Site "Dzwirzyno"]
[Date "2019.09.09"]
[Round "3.19"]
[White "Chylewski, Patryk"]
[Black "Sapis, Witalis"]
[Result "1/2-1/2"]
[WhiteElo "2342"]
[BlackElo "2376"]
[Annotator "TA"]
[PlyCount "41"]
[EventDate "2019.09.07"]
[EventType "team-tourn"]
[EventCountry "POL"]
[SourceTitle "playchess.com"]
[Source "ChessBase"]
[SourceQuality "1"]

{[%evp 17,41,22,24,20,20,20,22,20,21,19,21,19,17,13,35,30,37,35,34,34,57,-5,-4,-5,-5,-8]} 1. d4 Nf6 $146 ({Predecessor:} 1... d5 2. c4 c6 3. cxd5 cxd5 4. Bf4 Nf6 {½-½ (62) Cramling,P (2507)-Goryachkina,A (2423) Khanty-Mansiysk 2014}) 2. c4 c6 3. Nc3 d5 4. cxd5 cxd5 5. Bf4 Nc6 6. e3 a6 7. Bd3 Bg4 8. Nge2 e6 9. O-O Bd6 10. f3 {D10: Slav Defence: 3 cxd5 (without early Nf3) and 3 Nc3} Bh5 11. Rc1 Bg6 12. Bxd6 Qxd6 13. Nf4 O-O 14. Bxg6 hxg6 15. Nd3 e5 16. dxe5 Nxe5 17. Nxe5 Qxe5 18. Qd4 Qe7 19. Nxd5 (19. Kf2 $14) 19... Nxd5 $11 20. Qxd5 Qxe3+ 21. Kh1 1/2-1/2